00911 2200337 4500001002100000005001500021035002000036007000300056040001700059100002600076245005700102250001100159300004000170020002200210041000800232082001100240090002000251264003100271336002100302337003000323338002300353650001000376850001000386008004100396700003500437500002100472084001500493504002000508990002300528990002200551INLIS00000000000521620260515081020 a0010-0222000306ta aSBPUPADbInd0 aAli NurdinePengarang1 aDikasihi Allah Disukai Manusia Sepuluh /cAli Nurdin aCet.10 avii,60 hlm :bilus. ;c12,7x17,7 cm a978-979-015-813-90 aInd a297.13 a297.1 ARI a 3-1 aJakarta :bErlangga,c2008 2rdacontentaTeks 2rdamediaaTanpa Perantara 2rdacarrieraVolume 4aAgama aPUPAD260515 0  aEditor, Sayed MahdiePengarang aBiografi Penulis a297.13 ALI aBibliografi, 61 a1337/Br/ KAPD/2011 a1339/Br/KAPD/2011